História da Arte Portuguesa - 2º vol. (Registo nº 810)

Detalhes MARC
000 -Etiqueta do registo
Cabeçalho 00812nam0a22002891 4500
005 - Identificador da versão
Campo de controlo 20240813121816.0
010 ## - Número internacional normalizado dos livros (ISBN)
Número (ISBN) 9724211843
021 ## - Número do Depósito Legal
Código do país PT
Número 85 566/95
035 ## - Other System Control Numbers
System Control Number 0000880
System Control Number 0000875
System Control Number 0000868
System Control Number 0000856
100 ## - Dados gerais de processamento
Dados gerais de processamento 20080208d1995 a e0pory5003 ba
102 ## - Pais de publicação ou produção
País de publicação Portugal
101 0# - Língua de publicação
Língua do texto, banda sonora, etc. Português
Língua do documento no original Português
106 ## - Campo de dados codificados: material textual
Dados codificados do material textual r
105 ## - Campo de dados codificados: livros
Dados codificados dos livros a z 001yy
215 ## - Descrição física 
Indicação específica da natureza do documento e extensão da espécie 537 p.
Outras indicações físicas ilustrado
Dimensões cm
200 1# - Titulo e menção de responsabilidade
Título próprio História da Arte Portuguesa - 2º vol.
Informação de outro título Do «Modo» Gótico ao Maneirismo
Primeira menção de responsabilidade Luísa Arruda, Sylvie Deswart-Rosa, Maria José Goulão
Outras menções de responsabilidade Direcção de Paulo Pereira
225 2# - Colecção 
Título próprio da colecção Grandes Temas da Nossa História
205 ## - Menção da edição
Menção da edição 1ª edição
210 ## - Publicação, Distribuição, etc. 
Lugar da edição, distribuição, etc. Lisboa
Nome do editor, distribuidor, etc. Círculo de Leitores
Data da publicação, distribuição, etc. 1995
942 ## - Elementos de entrada adicionados (Koha)
Tipo de item no Koha Livro
Exemplares
Situação do levantamento Origin of item (home branch) (coded) Biblioteca de empréstimo Código de barras Cota Circulation type (not for loan) Tipo de documento Nota do exemplar Damaged status
  Biblioteca Escolar Eng. Nuno Mergulhão Biblioteca Escolar Eng. Nuno Mergulhão BENM1278 9PT ABR   Livro Sem mensagem